Pollock & Mulla the Indian contract and specific relief acts / (Record no. 145003)
[ view plain ]
| 000 -LEADER | |
|---|---|
| fixed length control field | 01009nam a22002417a 4500 |
| 005 - DATE AND TIME OF LATEST TRANSACTION | |
| control field | 20170919160809.0 |
| 010 ## - LCCN (DPL NO) | |
| LC control number | ENG-120810-811 |
| 020 ## - INTERNATIONAL STANDARD BOOK NUMBER | |
| Terms of availability | 4495.00(set of 2 vols) |
| International Standard Book Number | 9788131252291(vol-1) |
| 020 ## - INTERNATIONAL STANDARD BOOK NUMBER | |
| Terms of availability | 4495.00(set of 2 vols) |
| International Standard Book Number | 9788131252291(vol-2) |
| 035 ## - SYSTEM CONTROL NUMBER | |
| System control number | EN-104342-343 |
| 037 ## - SOURCE OF ACQUISITION | |
| Source of stock number/acquisition | DBAD/PUB |
| 082 ## - DEWEY DECIMAL CLASSIFICATION NUMBER | |
| Classification number | 346.54022 |
| 100 ## - MAIN ENTRY--PERSONAL NAME | |
| Personal name | Vardhan,R. Yashod |
| 245 00 - TITLE STATEMENT | |
| Title | Pollock & Mulla the Indian contract and specific relief acts / |
| Statement of responsibility, etc | by R. Yashod Vardhan [and] Chitra Narayan |
| 250 ## - EDITION STATEMENT | |
| Edition statement | 15th ed |
| 260 ## - PUBLICATION, DISTRIBUTION, ETC. (IMPRINT) | |
| Place of publication, distribution, etc | Gurgaon |
| Name of publisher, distributor, etc | Lexis Nexis |
| Date of publication, distribution, etc | 2017 |
| 270 ## - ADDRESS | |
| Address | 14th Floor, Bldg. No.10, Tower-B, DLF Cyber City, Phase-II |
| City | Gurgaon |
| Postal code | 122002 |
| 300 ## - PHYSICAL DESCRIPTION | |
| Extent | 2-vols(cccxcix,1-1004p,[98p] ; ccscxix,1005-2348p.[98p] ) |
| Dimensions | 26cm(Hb) |
| 500 ## - GENERAL NOTE | |
| General note | Includes index |
| 505 ## - FORMATTED CONTENTS NOTE | |
| Formatted contents note | vol-1- the Indian contract act,1872,Section 1-67 ; vol-2-the Indian contract act,1872 sections 68 to end,the specific relief act,1963 sections 1to 44. |
| 700 ## - ADDED ENTRY--PERSONAL NAME | |
| Personal name | Chitra Narayan |
| 942 ## - ADDED ENTRY ELEMENTS (KOHA) | |
| Source of classification or shelving scheme | Dewey Decimal Classification |
| Item type | English Books |
| Call number suffix | VAR |
| Classification part | 346.54022 |
| Withdrawn status | Lost status | Materials specified (bound volume or other part) | Not for loan | Collection code | Home library | Current library | Date acquired | Source of acquisition | Cost, normal purchase price | Full call number | Barcode | Copy number | Cost, replacement price | Koha item type |
|---|---|---|---|---|---|---|---|---|---|---|---|---|---|---|
| vol-1 | Not For Loan | Reference | Central Library | Central Library | 19/09/2017 | DBAD/PUB | 4495.00 | 346.54022 VAR | EN-104342 | 1 | 4495.00 | English Books | ||
| vol-2 | Not For Loan | Reference | Central Library | Central Library | 19/09/2017 | DBAD/PUB | 4495.00 | 346.54022 VAR | EN-104343 | 1 | 4495.00 | English Books |
